000
00331 a2200157 4500
001
154907
040
_c
Escola São Tomás de Aquino
100
_a
FONSECA, Martha Reis Marques
240
1
0
_a
Química 3
_l
por
245
1
0
_a
Química 3
300
_a
462
362
0
_a
2011
440
1
_a
FTD
697
_a
QUÍMICA
942
_c
BK
999
_c
154907
_d
154907